Oxford GCSE maths for Edexcel: foundation revision guide (Record no. 30401)

MARC details
000 -LEADER
fixed length control field 00550nam a2200193Ia 4500
008 - FIXED-LENGTH DATA ELEMENTS--GENERAL INFORMATION
fixed length control field 191130s2007##################000#0#eng##
020 ## - INTERNATIONAL STANDARD BOOK NUMBER
International Standard Book Number 9780199151547
040 ## - CATALOGING SOURCE
Original cataloging agency ACL
Transcribing agency ACL
082 ## - DEWEY DECIMAL CLASSIFICATION NUMBER
Classification number 510 CAP
100 ## - MAIN ENTRY--PERSONAL NAME
Personal name Capewell, Dave
245 ## - TITLE STATEMENT
Title Oxford GCSE maths for Edexcel: foundation revision guide
Statement of responsibility, etc. Dave Capewell
250 ## - EDITION STATEMENT
Edition statement 1st ed
260 ## - PUBLICATION, DISTRIBUTION, ETC.
Place of publication, distribution, etc. Oxford
Name of publisher, distributor, etc. Oxford Univ Pr
Date of publication, distribution, etc. 2007
300 ## - PHYSICAL DESCRIPTION
Extent 141 p. :. ll., graph, chart
650 ## - SUBJECT ADDED ENTRY--TOPICAL TERM
Topical term or geographic name entry element Mathematics
990 ## - EQUIVALENCES OR CROSS-REFERENCES [LOCAL, CANADA]
Link information for 9XX fields b8180160ac10000c54b9fee8c7e6ccce
991 ## -
-- 112050
Holdings
Withdrawn status Lost status Materials specified (bound volume or other part) Damaged status Not for loan Home library Current library Shelving location Date acquired Total Checkouts Full call number Barcode Date last seen Date last checked out Price effective from Koha item type
    pbk     Anna Centenary Library Anna Centenary Library 5TH FLOOR, A WING 09.10.2020 1 510 CAP 156882 21.06.2025 31.05.2025 09.10.2020 English Books
    pbk     Anna Centenary Library Anna Centenary Library   09.10.2020 1 510 CAP 374067 18.08.2024 21.07.2024 09.10.2020 English Books

Find us on the map